000 01168cam a22002655a 4500
001 L157716
002 19231
008 111021S2013 xxk 000 0 eng d
020 _a9780415690775
035 _a(Sirsi) u157716
041 0 _aeng
050 _a692.5 $2 18
245 0 0 _aSpon's architects' and builders' price book 2013
250 _a138th ed.
260 _aAbingdon
_bSpon Press
_c2013
505 _aGeneral -- Approximate estimating -- Rates of wages -- Prices for measured works: major works -- Prices for measured works: minor works -- Fees for professional services -- Daywork and prime cost -- Tables and memoranda
520 _aProvides construction price information through for the UK. Suits a wide range of project sizes, sets out a detailed cost base for contracts exceeding £3,500,00 in value. Updated two or three times a year. Tender Index provides adjustment for changing market conditions.
520 _aSupersedes 137th edition (ISBN 9780415680639 )
521 _aAdvanced
590 _aKA
651 4 _aUnited Kingdom
_y
690 _aBUILT ENVIRONMENT-BUILDING COSTS
710 _aDavis Langdon
_eEditor
_94649
942 _n0
999 _c114932
_d114932